000 00479nam a2200157 i 4500
001 bg
100 1 _aSOBIESIAK, Kazimierz
245 0 _aZbiór zadań z wytrzymałości materiałów /
_cKazimierz Sobiesiak ; Politechnika Lubelska.
260 _aLublin :
_bWydawnictwa PL,
_c1986.
650 9 _aWytrzymałość materiałów
655 _aĆwiczenia i zadania dla szkół wyższych
040 _cBPK
041 _apol
942 _cKS
008 s pl f |000 0 pol
999 _c3274
_d3274
856 _uhttp://koha.tu.koszalin.pl/cgi-bin/koha/opac-detail.pl?biblionumber=3274
_yKatalog online BPK